Piotr : (Record no. 8562)
[ view plain ]
| 000 -LEADER | |
|---|---|
| fixed length control field | 00597 a2200205 4500 |
| 003 - CONTROL NUMBER IDENTIFIER | |
| control field | sjds |
| 005 - DATE AND TIME OF LATEST TRANSACTION | |
| control field | 20250605011921.0 |
| 008 - FIXED-LENGTH DATA ELEMENTS--GENERAL INFORMATION | |
| fixed length control field | 250605b |||||||| |||| 00| 0 spa d |
| 020 ## - INTERNATIONAL STANDARD BOOK NUMBER | |
| International Standard Book Number | 9788434809451 |
| 040 ## - CATALOGING SOURCE | |
| Transcribing agency | sjds |
| 041 ## - LANGUAGE CODE | |
| Language code of text/sound track or separate title | spa |
| 100 ## - MAIN ENTRY--PERSONAL NAME | |
| Personal name | Terlouw, Jan |
| 245 ## - TITLE STATEMENT | |
| Title | Piotr : |
| Remainder of title | (viaje a Siberia) / |
| Statement of responsibility, etc. | Jan Terlouw ; [traduccion, Teodoro Larriba ; ilustraciones, Dick van deer Maat] |
| 260 ## - PUBLICATION, DISTRIBUTION, ETC. (IMPRINT) | |
| Place of publication, distribution, etc. | [Barcelona |
| Name of publisher, distributor, etc. | SM, |
| Date of publication, distribution, etc. | 1994?] |
| 300 ## - PHYSICAL DESCRIPTION | |
| Extent | 173 p. |
| Other physical details | il. |
| Dimensions | 19 cm. |
| 440 ## - SERIES STATEMENT/ADDED ENTRY--TITLE | |
| Title | Barco de vapor., Serie roja ; |
| Number of part/section of a work | 9 |
| 700 10 - ADDED ENTRY--PERSONAL NAME | |
| Personal name | Larriba, Teodoro |
| 700 10 - ADDED ENTRY--PERSONAL NAME | |
| Personal name | Maat, Dick van der. |
| 942 ## - ADDED ENTRY ELEMENTS (KOHA) | |
| Koha item type | Libro/Book |
| Withdrawn status | Lost status | Damaged status | Not for loan | Home library | Current library | Date acquired | Inventory number | Total Checkouts | Full call number | Barcode | Date last seen | Date checked out | Price effective from | Koha item type |
|---|---|---|---|---|---|---|---|---|---|---|---|---|---|---|
| San Juan Del Sur -- Mobile | San Juan Del Sur -- Mobile | 03/05/2014 | Inventory date: 27-2-25 | 1 | JF | 30001621 | 16/10/2024 | 02/01/2024 | 03/05/2014 | Libro/Book |